000 00436nam a22001697a 4500
003 LK-CoDNM
005 20240912110253.0
008 240912b |||||||| |||| 00| 0 eng d
040 _aLK-CoDNM
_dLK-CoDNM
_eLK-CoDNM
041 _adum
080 _a6
_bM11
100 _aPaul,Sarasin
245 _aForschungen and Ceylon Part I
260 _aC.W.kreidel's Verlag
_bWeisabden
_c1887-1893
300 _a599p. : ill ; 37cm
942 _cBK
999 _c151985
_d151985